000 01325cam a22003977a 4500
003 CHAP
005 20220329142534.0
008 010919q1990 ep a r 00110 spa d
010 _a84687
011 _a85659
020 _a8487480500
035 _a96194
040 _cCHAP
082 0 4 _a633.15
_bD4
100 0 0 _aLiñán Vicente, Carlos de
_ecoor.
_967023
245 1 0 _aVademecum del maíz
_c/coor. por Carlos de Liñán Vicente
260 _aMadrid, Esp. :
_bCarlos de Liñán Vicente,
_c1990.
300 _a295 p. :
_bilus.
590 _aBATCH-UPD
_b10
_c20130110
_lUCH01
_h0300
590 _aBATCH-UPD
_b10
_c20130110
_lUCH01
_h1126
590 _aBATCH-UPD
_b10
_c20130409
_lUCH01
_h2332
590 _aBATCH-UPD
_b10
_c20130410
_lUCH01
_h1639
590 _aBATCH-UPD
_b10
_c20130914
_lUCH01
_h1726
590 _aCONVERSION
_b10
_c20130109
_lUCH01
_h1347
650 1 4 _aMaíz.
_970848
650 1 4 _aMaíz
_xFertilización.
_970956
650 1 4 _aMaíz
_xSiembra.
_971061
650 2 4 _aMaíz
_xAlmacenamiento.
_970853
650 2 4 _aMaíz
_xEnfermedades.
_970939
650 2 4 _aMaíz
_xImplementos y maquinaria.
_970978
700 0 0 _aFernández de Gorostiza Ysbert, Martín.
_940148
901 _aBK
905 _aMayto Villalobos S.
942 _cLIBRO
949 _a633.15 D4
_bBC
_cC
_d33724000855037
_eC
_h101627
_i96194
_sex
_t$327.20
999 _c84687
_d84687